Statistics for TV Westerns

Click here to take the quiz!

General Stats

  • This quiz has been taken 679 times
    (678 since last reset)
  • The average score is 10 of 20

Answer Stats

HintAnswer% Correct
The Cartwright family helps their neighbors near the Ponderosa ranch.Bonanza
95%
Longest-running Western ever, that began on the radio in 1952.Gunsmoke
83%
The adventures of a masked hero and his Native American sidekick.The Lone Ranger
81%
Features fast-talking gambler Bret Maverick and his dapper brother Bart.Maverick
80%
Based on the books by Laura Ingalls Wilder, this shows focuses on family values.Little House on the Prairie
76%
An endless cattle drive to Sedalia, Kansas, starring Clint Eastwood.Rawhide
74%
A post-Civil War wagon trek from Missouri to California.Wagon Train
69%
A widower wields a customized Winchester rifle.The Rifleman
66%
Two US Secret Service agents battle Old West supervillains.The Wild Wild West
63%
Victoria Barkley heads a ranch and family in 1870s California.The Big Valley
61%
A more recent series that features a female doctor in a small western town.Dr. Quinn, Medicine Woman
51%
James Drury starred in this show based on an Owen Wister novel.The Virginian
50%
Stories and legends based on Death Valley, once hosted by Ronald Reagan.Death Valley Days
42%
Nick Adams plays a Confederate Army private who roams the wild west.The Rebel
22%
A Civil War veteran is a bounty hunter in 1870s Old West.Wanted Dead or Alive
18%
Dan Troop acts as marshal for Laramie, Wyoming, with his young deputy Johnny McKay.Lawman
13%
A correspondence-school law graduate travels west to seek his fortune.Sugarfoot
11%
Based loosely on historical fact, Marshal Earp upholds the law in Kansas and Arizona.The Life and Legend of Wyatt Earp
4%
90-minute weekly series set in the Oklahoma Panhandle in 1888.Cimarron Strip
3%
Texas Ranger Hoby Gilman hunts criminals in the Old West.Trackdown
3%

Score Distribution

Percentile by Number Answered

Percent of People with Each Score

Your Score History

You have not taken this quiz since the last reset